000 01114nas a2200289 4500
001 BR8300763
003 BR-BrBNA
005 20231205085435.0
007 ta
008 230509b bl.|||p| |||| 00| 00por d
040 _aBR-BrBNA
_bpor
_cBiblioteca Nacional de Agricultura
041 _a(Pt)
072 _aF21
100 1 _aSampaio, E.V.S.B.
100 1 _aSalcedo, I.H.
111 1 _a18. Congresso Brasileiro de Ciencia do Solo
_cSalvador, BA (Brazil)
_d30 Aug 1981
245 1 _aEfeito da edicao de nitrogenio e palha - (14C)na liberacao de CO2 e formacao de biomassa microbiana em latossolo vermelho-amarelo [gas carbonico]
246 1 _aEffect of nitrogen and straw - (14C)incorporation in CO2 evolution and microbial biomass in a red yellow latosol [carbon dioxide]
650 _aNITROGENIO
650 _aPALHA
650 _aGAS CARBONICO
650 _aBIOMASSA
650 _aLATOSSOLO VERMELHO AMARELO
773 0 _tRevista Brasileira de Ciencia do Solo (Brazil)
_xISSN 0100-0683
_g(Sep 1982), v. 6(3) p. 177-181
_wBR8300763
909 _a202311
_bLúcia
_c55
_dLúcia Elande
942 _2AGRIS
_n0
_cANA
999 _c111458
_d111458